Pharmaceutical chemistry

Saved in:
Bibliografiske detaljer
Hovedforfatter: SRIVASTAVA, Krishna Mohan
Format: Bog
Sprog:engelsk
Udgivet: Book Shores 2020
Tags: Tilføj Tag
Ingen Tags, Vær først til at tagge denne postø!

MARC

LEADER 00000nam a22000007a 4500
008 210908b ||||| |||| 00| 0 eng d
020 |a 9789386807878 
100 |a SRIVASTAVA, Krishna Mohan 
245 |a Pharmaceutical chemistry  |c Mohan Krishna Srivastava  |g vi,288p.:ill. 
260 |b Book Shores  |c 2020  |h New Delhi  |i 696952  |i 696953  |l RS403.Sr3  |m Pharmaceutical chemistry 
500 |a It includes bibliography and indes 
942 |a lcc  |c BK  |e Kuteyi M.A.  |f 8/9/2021 
952 |0 0  |1 0  |2 lcc  |4 0  |6 RS0403 S R3  |7 0  |9 3461  |a HOL  |b HOL  |c QZ  |d 2021-09-08  |l 0  |o RS403.Sr3  |p 2021-67176  |r 2021-09-08 00:00:00  |w 2021-09-08  |y BK 
952 |0 0  |1 0  |2 lcc  |4 0  |6 RS0403 S R3  |7 0  |9 3462  |a HOL  |b HE  |c QZ  |d 2021-09-08  |l 0  |o RS403.Sr3  |p 2021-67177  |r 2021-09-08 00:00:00  |w 2021-09-08  |y BK 
999 |c 1723  |d 1723